000 00598nam a22001697a 4500
003 BD-ChCU
005 20260121144550.0
008 260121b bg ||||| |||| 00| 0 ben d
040 _cBD-ChCU
082 _aREF 491.23 SUG
100 _aSurya Kanta Sastri
_919519
245 _aA grammatical dictionary of Sanskrit ( vedic ) :
_bwith a complete index to wackermagel's altindische grammatik & Macdonell's vedic grammar ./
_cKanta Sastri Surya .
260 _aDelhi :
_bMoolchand khairati Ram trust ,
_cC 1953
300 _aVol . 1.
650 0 _aSanskrit Dictionaries.
_919520
942 _2ddc
_cBK
_n0
999 _c111192
_d111192